000 00266nam a2200133Ia 4500
100 _aBillings
942 _cBK
654 _aKinematics
245 _aApplied Kinematics
260 _bEast west press
_c2001
082 _a621.8
300 _a352
546 _aENGLISH
999 _c30297
_d30297